000 01101cam a22003137a 4500
003 CHAP
005 20220329134259.0
008 971013s1978 r 00010 d
010 _a18046
011 _a19018
035 _a23103
040 _cCHAP
090 _aFolleto 5487
100 0 0 _aDelgado, Christopher L.
_931670
245 1 3 _aAn invertigation of the lack of mixed farming in the west african savannh, a farming systems approach for Tenkodogo, Upper Volta
260 _aAn Arbor, Mich. :
_bUniversity of Michigan. Center for Research on Economic Development,
_c1978
300 _a71 p.
490 0 _aDiscussion paper
_v; 74
590 _aBATCH-UPD
_b10
_c20130110
_lUCH01
_h1143
590 _aBATCH-UPD
_b10
_c20130410
_lUCH01
_h1446
590 _aBATCH-UPD
_b10
_c20130914
_lUCH01
_h1932
590 _aCONVERSION
_b10
_c20130109
_lUCH01
_h1311
650 1 4 _aAgricultura
_xAfrica
_zAfrica.
_9175391
650 1 4 _aPolĂ­tica ganadera
_xAfrica.
_990618
830 0 _aDiscussion paper
_v; 74
_932718
901 _aBK
942 _cFOLL
949 _aFolleto 5487
_bBC
_cFOLL
_d-53894
_eTS1
_i23103
_mD
_si
999 _c18046
_d18046